Swatantrya veer Savarkar (Record no. 361170)

MARC details
000 -LEADER
fixed length control field 003620000a22001570004500
005 - DATE AND TIME OF LATEST TRANSACTION
control field 20120302064046.0
040 ## - CATALOGING SOURCE
Original cataloging agency Mar
100 ## - MAIN ENTRY--PERSONAL NAME
Personal name Dighe,Prabhakar
245 ## - TITLE STATEMENT
Title Swatantrya veer Savarkar
260 ## - PUBLICATION, DISTRIBUTION, ETC. (IMPRINT)
Place of publication, distribution, etc Dombivali:Arati Prakashan,1993.
300 ## - PHYSICAL DESCRIPTION
Extent v;137p.
365 ## - TRADE PRICE
Price amount 25/-
490 ## - SERIES STATEMENT
Series statement Swadesh Krantiche Pranete
650 ## - SUBJECT ADDED ENTRY--TOPICAL TERM
Topical term or geographic name as entry element Savarkar
942 ## - ADDED ENTRY ELEMENTS (KOHA)
Koha item type Book
Holdings
Withdrawn status Lost status Damaged status Not for loan Home library Current library Date acquired Total Checkouts Barcode Date last seen Price effective from
        Institute For Oriental Study, Thane Institute For Oriental Study, Thane 12/02/2009   IOS-M 22223 12/02/2009 12/02/2009